Statistics for People Buried at Arlington Cemetery

Click here to take the quiz!

General Stats

  • This quiz has been taken 148 times
  • The average score is 8 of 14

Answer Stats

Answer% Correct
John F. Kennedy
90%
Robert F. Kennedy
86%
Ruth Bader Ginsburg
78%
Thurgood Marshall
78%
George C. Marshall
77%
William Howard Taft
58%
John Glenn
57%
Ted Kennedy
57%
Jacqueline Kennedy
52%
John Foster Dulles
41%
Joe Louis
38%
Abner Doubleday
27%
Glenn Miller
27%
Lee Marvin
22%

Score Distribution

Percentile by Number Answered

Percent of People with Each Score

Your Score History

You have not taken this quiz